<?xml version="1.0" encoding="UTF-8"?>
<record
    xmlns:xsi="http://www.w3.org/2001/XMLSchema-instance"
    xsi:schemaLocation="http://www.loc.gov/MARC21/slim http://www.loc.gov/standards/marcxml/schema/MARC21slim.xsd"
    xmlns="http://www.loc.gov/MARC21/slim">

  <leader>02672nam a2200289 a 4500</leader>
  <controlfield tag="003">OSt</controlfield>
  <controlfield tag="005">20240913111415.0</controlfield>
  <controlfield tag="007">cr ||||||a|c|a</controlfield>
  <controlfield tag="008">240207s2019    mx a|||fom||| 001 0 spa d</controlfield>
  <datafield tag="040" ind1=" " ind2=" ">
    <subfield code="e">rda</subfield>
  </datafield>
  <datafield tag="100" ind1="1" ind2=" ">
    <subfield code="9">188655</subfield>
    <subfield code="a">Casados P&#xE9;rez, Hugo Andr&#xE9;s</subfield>
  </datafield>
  <datafield tag="245" ind1="1" ind2="0">
    <subfield code="a">Digestibilidad de materia seca, proteina cruda y energ&#xED;a metabolizable aparente en pollos de engorda suplementados con alicina /</subfield>
    <subfield code="c">por Hugo Andr&#xE9;s Casados P&#xE9;rez; director de tesis Fernando Gonz&#xE1;lez Cer&#xF3;n.</subfield>
  </datafield>
  <datafield tag="264" ind1=" " ind2="1">
    <subfield code="a">Chapingo, M&#xE9;xico :</subfield>
    <subfield code="b">El autor,</subfield>
    <subfield code="c">2019.</subfield>
  </datafield>
  <datafield tag="300" ind1=" " ind2=" ">
    <subfield code="a">1 recurso en l&#xED;nea (37 p&#xE1;ginas):</subfield>
    <subfield code="b">cuadros.</subfield>
  </datafield>
  <datafield tag="336" ind1=" " ind2=" ">
    <subfield code="2">rdacontent</subfield>
    <subfield code="a">texto</subfield>
    <subfield code="b">txt</subfield>
  </datafield>
  <datafield tag="337" ind1=" " ind2=" ">
    <subfield code="2">rdamedia</subfield>
    <subfield code="a">computadora</subfield>
    <subfield code="b">c</subfield>
  </datafield>
  <datafield tag="338" ind1=" " ind2=" ">
    <subfield code="2">rdacarrier</subfield>
    <subfield code="a">recurso en l&#xED;nea</subfield>
    <subfield code="b">cr</subfield>
  </datafield>
  <datafield tag="502" ind1=" " ind2=" ">
    <subfield code="b">IAEZ</subfield>
    <subfield code="c">Zootecn&#xED;a</subfield>
    <subfield code="d">2019.</subfield>
    <subfield code="g">LIC</subfield>
  </datafield>
  <datafield tag="504" ind1=" " ind2=" ">
    <subfield code="a">Incluye referencias bibliogr&#xE1;ficas: p&#xE1;ginas 24-33.</subfield>
  </datafield>
  <datafield tag="520" ind1=" " ind2=" ">
    <subfield code="a">El objetivo del presente estudio fue determinar el efecto de niveles crecientes de alicina en la digestibilidad ileal de la materia seca (DIMS), la energ&#xED;a metabolizable aparente (DIEMA) y prote&#xED;na cruda (DIPC). Se utilizaron 900 pollos mixtos Ross 308 de un d&#xED;a de edad los cuales fueron asignados aleatoriamente a tres tratamientos (10 repeticiones por tratamiento con 2 aves por repetici&#xF3;n): T1 o control, 0 mg de alicina/kg de peso vivo (PV); T2, 1 mg de alicina/kg PV y T3, 2.5 mg de alicina/kg PV, todas las aves fueron alimentadas ad libitum con una dieta en forma de harina hasta 37 d&#xED;as de edad. La alicina fue administrada diariamente por v&#xED;a oral con sonda pedi&#xE1;trica de 14 a 28 d de edad. Al d&#xED;a 37 de edad, 20 aves de cada tratamiento fueron sacrificadas para obtener las muestras del &#xED;leon. La DIMS, DIEMA y DIPC fueron estimadas utilizando un marcador interno (Fibra Detergente &#xC1;cido). Las aves que recibieron alicina tuvieron una menor (p&lt;0.05) DIMS (43.3 y 42.4% para T2 y T3, respectivamente) respecto al tratamiento control (45.9%). Un patr&#xF3;n similar fue observado para DIEMA, dado que las aves de T2 y T3 tuvieron valores significativamente (p&lt;0.05) menores (52.9 y 51.9%, respectivamente) que aquellas en T1 (54.1%). No se observaron diferencias significativas (p&gt;0.05) entre tratamientos para DIPC. En conclusi&#xF3;n, la suplementaci&#xF3;n con alicina reduce la DIMS y DIEMA pero no afecta la DIPC</subfield>
  </datafield>
  <datafield tag="650" ind1=" " ind2="4">
    <subfield code="9">132048</subfield>
    <subfield code="a">Pollos de engorde</subfield>
    <subfield code="x">Nutrici&#xF3;n</subfield>
    <subfield code="x">Suplementos</subfield>
  </datafield>
  <datafield tag="650" ind1=" " ind2="4">
    <subfield code="9">188656</subfield>
    <subfield code="a">Alicina</subfield>
    <subfield code="x">Efecto en pollos</subfield>
  </datafield>
  <datafield tag="650" ind1=" " ind2="4">
    <subfield code="9">133616</subfield>
    <subfield code="a">Materia seca</subfield>
    <subfield code="x">Digestibilidad</subfield>
  </datafield>
  <datafield tag="700" ind1="1" ind2=" ">
    <subfield code="9">48783</subfield>
    <subfield code="a">Gonz&#xE1;lez Cer&#xF3;n, Fernando</subfield>
    <subfield code="e">Director de tesis.</subfield>
  </datafield>
  <datafield tag="856" ind1=" " ind2=" ">
    <subfield code="u">http://10.13.5.2/tesis/tl/Casado_Perez_Hugo_Andres.pdf</subfield>
    <subfield code="z">DESCARGAR PDF</subfield>
  </datafield>
  <datafield tag="942" ind1=" " ind2=" ">
    <subfield code="2">Clasificaci&#xF3;n Universidad Aut&#xF3;noma Chapingo</subfield>
    <subfield code="c">TD</subfield>
  </datafield>
  <datafield tag="999" ind1=" " ind2=" ">
    <subfield code="c">219648</subfield>
    <subfield code="d">219648</subfield>
  </datafield>
  <datafield tag="952" ind1=" " ind2=" ">
    <subfield code="0">0</subfield>
    <subfield code="1">0</subfield>
    <subfield code="2">local</subfield>
    <subfield code="4">0</subfield>
    <subfield code="5">1</subfield>
    <subfield code="7">0</subfield>
    <subfield code="8">TesDigL</subfield>
    <subfield code="a">BD</subfield>
    <subfield code="b">BD</subfield>
    <subfield code="c">E_L</subfield>
    <subfield code="d">2024-02-07</subfield>
    <subfield code="l">0</subfield>
    <subfield code="o">Tesis digital</subfield>
    <subfield code="r">2024-02-07 00:00:00</subfield>
    <subfield code="w">2024-02-07</subfield>
    <subfield code="y">TD</subfield>
  </datafield>
</record>
